| 000 | 00000nam 2200000za 4500 |
| 001 | 9.700087 |
| 003 | CaOODSP |
| 005 | 20230816134154 |
| 007 | cr ||||||||||| |
| 008 | 150407|2014||||xxc|||||o f|0| 0 eng d |
| 020 | |a978-1-100-25294-0 |
| 040 | |aCaOODSP|beng |
| 043 | |an-cn--- |
| 086 | 1 |aHP40-38/2014E-PDF |
| 110 | 2 |aPublic Health Agency of Canada. |
| 245 | 12|aA parent's guide to vaccination |h[electronic resource] |
| 260 | |aOttawa - Ontario : |bPublic Health Agency of Canada |cNovember 2014. |
| 300 | |a32p.|btables, photographs |
| 590 | |a15-05|b2015-01-30 |
| 690 | 07|aImmunization|2gcpds |
| 690 | 07|aChild care|2gcpds |
| 775 | 08|tGuide sur la vaccination à l'intention des parents |w(CaOODSP)9.643998 |
| 775 | 08|t[A parent's guide to vaccination] |w(CaOODSP)9.806345 |
| 775 | 08|tA parent's guide to vaccination |w(CaOODSP)9.809912 |
| 775 | 08|tA parent's guide to vaccination |w(CaOODSP)9.809917 |
| 775 | 08|tA parent's guide to vaccination |w(CaOODSP)9.809925 |
| 775 | 08|tA parent's guide to vaccination |w(CaOODSP)9.809932 |
| 775 | 08|tA parent's guide to vaccination |w(CaOODSP)9.809935 |
| 775 | 08|tA parent's guide to vaccination |w(CaOODSP)9.809943 |
| 775 | 08|tA parent's guide to vaccination |w(CaOODSP)9.809945 |
| 775 | 08|tA parent's guide to vaccination |w(CaOODSP)9.809948 |
| 775 | 08|tA parent's guide to vaccination |w(CaOODSP)9.809951 |
| 775 | 08|tA parent's guide to vaccination |w(CaOODSP)9.809920 |
| 776 | 0#|tA parent's guide to vaccination / |w(CaOODSP)9.630226 |
| 794 | |tA parent's guide to vaccination |w(CaOODSP)9.831125 |
| 795 | |tA parent's guide to immunization |w(CaOODSP)9.692169 |
| 856 | 40|ahttp://publications.gc.ca|qPDF|s1.66 MB|uhttps://publications.gc.ca/collections/collection_2015/aspc-phac/HP40-38-2014-eng.pdf |
| 986 | |aPub.: 140344 |